|
|
|
|
| LEADER |
02799nam a22005535i 4500 |
| 001 |
978-3-662-47688-8 |
| 003 |
DE-He213 |
| 005 |
20151103124420.0 |
| 007 |
cr nn 008mamaa |
| 008 |
150623s2015 gw | s |||| 0|eng d |
| 020 |
|
|
|a 9783662476888
|9 978-3-662-47688-8
|
| 024 |
7 |
|
|a 10.1007/978-3-662-47688-8
|2 doi
|
| 040 |
|
|
|d GrThAP
|
| 050 |
|
4 |
|a RS400-431
|
| 072 |
|
7 |
|a PSB
|2 bicssc
|
| 072 |
|
7 |
|a SCI013020
|2 bisacsh
|
| 082 |
0 |
4 |
|a 615.19
|2 23
|
| 100 |
1 |
|
|a Zeng, Qing-Ping.
|e author.
|
| 245 |
1 |
0 |
|a Artemisinin and Nitric Oxide
|h [electronic resource] :
|b Mechanisms and Implications in Disease and Health /
|c by Qing-Ping Zeng.
|
| 264 |
|
1 |
|a Berlin, Heidelberg :
|b Springer Berlin Heidelberg :
|b Imprint: Springer,
|c 2015.
|
| 300 |
|
|
|a XV, 126 p. 16 illus., 14 illus. in color.
|b online resource.
|
| 336 |
|
|
|a text
|b txt
|2 rdacontent
|
| 337 |
|
|
|a computer
|b c
|2 rdamedia
|
| 338 |
|
|
|a online resource
|b cr
|2 rdacarrier
|
| 347 |
|
|
|a text file
|b PDF
|2 rda
|
| 490 |
1 |
|
|a SpringerBriefs in Molecular Science,
|x 2191-5407
|
| 505 |
0 |
|
|a Background -- Biological Features of NO and Pharmacological Principles of ART -- ART for Antitumor -- ART for Antibacterial Infection -- ART for Anti-inflammation -- ART for Antiaging -- Prospective.
|
| 520 |
|
|
|a This book discusses both the beneficial and harmful aspects of NO in biology and medicine, and also introduces the emerging discovery of artemisinin in antitumor, antibacterial infection, anti-inflammation, and antiaging contexts. In 1992 nitric oxide (NO) was voted “Molecule of the Year” by Science magazine, and the discovery of its physiological roles has led to Nobel Prize-winning work in neuroscience, physiology and immunology. The book explains why we should maintain a steady-state NO level that is derived from neuronal or epithelial NO synthase, and avoid the extremely high NO level resulting from inducible NO synthase. The book offers a valuable resource for medical chemists, clinicians, biologists and all those interested in health and disease.
|
| 650 |
|
0 |
|a Chemistry.
|
| 650 |
|
0 |
|a Cancer research.
|
| 650 |
|
0 |
|a Medicinal chemistry.
|
| 650 |
|
0 |
|a Diabetes.
|
| 650 |
|
0 |
|a Geriatrics.
|
| 650 |
|
0 |
|a Rheumatology.
|
| 650 |
|
0 |
|a Neurobiology.
|
| 650 |
1 |
4 |
|a Chemistry.
|
| 650 |
2 |
4 |
|a Medicinal Chemistry.
|
| 650 |
2 |
4 |
|a Cancer Research.
|
| 650 |
2 |
4 |
|a Diabetes.
|
| 650 |
2 |
4 |
|a Neurobiology.
|
| 650 |
2 |
4 |
|a Rheumatology.
|
| 650 |
2 |
4 |
|a Geriatrics/Gerontology.
|
| 710 |
2 |
|
|a SpringerLink (Online service)
|
| 773 |
0 |
|
|t Springer eBooks
|
| 776 |
0 |
8 |
|i Printed edition:
|z 9783662476871
|
| 830 |
|
0 |
|a SpringerBriefs in Molecular Science,
|x 2191-5407
|
| 856 |
4 |
0 |
|u http://dx.doi.org/10.1007/978-3-662-47688-8
|z Full Text via HEAL-Link
|
| 912 |
|
|
|a ZDB-2-CMS
|
| 950 |
|
|
|a Chemistry and Materials Science (Springer-11644)
|